000 01382 a2200229 4500
001 22995
005 20260407155520.0
008 260407a1967 arg spa d
003 AR-UNSa-BCEJYS
040 _aAR-UNSa-BCEJYS
_bspa
_cAR-UNSa-BCEJYS
080 _a338.5.01
_xTeorías de los precios
245 1 0 _aEjercicios y problemas sobre teoria de los precios
264 1 _aBuenos Aires :
_bAmorrortu Editores
_c1967
300 _a128 p.
_c22 cm.
505 _a1. Técnicas matemáticas y gráficas - 2. La demanda y el precio en la competencia perfecta - 3. Aplicación a la demanda de los conceptos totales, medios, marginales y de elasticidad - 4. Teoría de la demanda; enfoque clásico de la utilidad - 5. Teoría de la demanda; enfoque de las curvas de indiferencia - 6. Estructura de mercado - 7. Teoría de la producción - 8. Costos de producción - 9. Decisiones sobre precios y volumen de producción en la competencia perfecta - 10. Decisiones sobre precios y volumen de producción en el monopolio - 11. Decisiones sobre precios y volumen de producción en la competencia monopólica y en el oligopolio - 12. Determinación de los precios de los factores.
942 _cBK
590 _aniveau_biblio:m niveau_hierar:0
100 1 _aFernández López, Manuel
700 1 _aLevenson, Albert M.
700 1 _aSolon, Babette
700 1 _aOyuela de Grant, Antonia
999 _c1081
_d1081